Quizzes
Events
Quiz Creation
Community
Videos
Private Events
Remove Ads
Sign In
Join for FREE
Feedback
Dark Mode
Quiz Categories
Sports
Geography
Music
Movies
Television
Just For Fun
Miscellaneous
History
Literature
Language
Science
Gaming
Entertainment
Religion
Holiday
For Kids
Quiz Lab
Recent
Popular Today
Quiz Kudos Today
Editor Picks
Curator Picks
Quizzes by...
Day
Popularity
Type
Ratings
Length
Year
Community
Subscriptions
Recent Discussions
Orange Saloon
Badges
Playlists
Quests
Create
Leaderboards
Showdown
Live 5
Trivia Bingo
Activity
Puzzle Library
Sporcle Events
Private Events
Virtual Trivia
Globe League
Become a Host
Pub Owners
SporcleCon
Opinionation
Our Games
Videos
Blog
Mobile Apps
Partnerships
Remove Ads and Go Orange
Feedback
Entertainment
Celebrity
Famous
Musical
Broadway
Show
Quote
Comic Books
Anime
Superhero
DC Comics
Marvel
Cartoons
Animation
Entertainment
Celebrity
Famous
Musical
Broadway
Show
Quote
Comic Books
Anime
Superhero
DC Comics
Marvel
Cartoons
Animation
Random Quiz
Search Sporcle
×
Quiz Lab
Quiz Lab
Entertainment
Actress
Type in answers that appear in a list
Type in answers that appear in a list
Classic
Best Score? Go Orange.
Elphaba leads/standbys Stats
Can you name the actresses playing lead/standby Elphaba in Wicked?
By
Charlinda
20m
52 Questions
111 Plays
111 Plays
111 Plays
Comments
Comments
Give Quiz Kudos
Give Quiz Kudos
-
- Ratings
hide this ad
Replay
Link that replays current quiz
Next Quiz
Link to next quiz in quiz playlist
You Got
0%
They Got
Avg Score
44%
Avg Friend Score
Upgrade to see
Score Distribution
Jump to the score distribution portion of the page
Score
0/52
Timer
20:00
0
Plays Today
Idina Menzel
% Correct
Shoshana Bean
85.6%
Eden Espinosa
84.7%
Kerry Ellis
82%
Idina Menzel
81.1%
Stephanie J Block
76.6%
Julia Murney
72.1%
Rachel Tucker
72.1%
Teal Wicks
71.2%
Marcie Dodd
68.5%
Dee Roscioli
66.7%
Ana Gasteyer
64.9%
Mandy Gonzalez
63.1%
Nicole Parker
61.3%
Willemijn Verkaik
61.3%
Jackie Burns
60.4%
Donna Vivino
57.7%
Jemma Rix
56.8%
Jennifer DiNoia
53.2%
Alexia Khadime
53.2%
Christine Dwyer
52.3%
Caissie Levy
52.3%
Kristy Cates
50.5%
Carmen Cusack
46.8%
Victoria Matlock
45.9%
Amanda Harrison
45.9%
Julie Reiber
45%
Idina Menzel
% Correct
Lisa Brescia
45%
Saycon Sengbloh
44.1%
Nikki Davis-Jones
41.4%
Vicki Noon
40.5%
Anne Brummel
38.7%
Shona White
37.8%
Carla Stickler
35.1%
Mamie Parris
31.5%
Cassidy Janson
31.5%
Stephanie Torns
29.7%
Coleen Sexton
28.8%
Roberta Valentini
27.9%
Ashleigh Grey
27%
Pippa Grandison
27%
Felicia Ricci
26.1%
Laura Bunting
25.2%
Mariand Torres
24.3%
Carrie Manolakos
23.4%
Zoe Jarrett
21.6%
Meredith Kaye Clark
20.7%
Megumi Hamada
12.6%
Renee Van Wegberg
11.7%
Sabrina Weckerlin
11.7%
Anna Thoren
9.9%
Masae Ebata
3.6%
Minami Okamaru
0.9%
Quiz Playlist
Details
Report
Send in Message
Add To Playlist
Classic:
Type in answers that appear in a list
Last Updated: Feb 16, 2017
Quiz Scoreboard
CHALLENGE
Sign Up to Join the Scoreboard
Show All
Scores
Hide
Comments
May contain spoilers
Recently Published
College Basketball Coaching Resumes
by pancakes188
Sports
9m
Billboard Blitz: Fleetwood Mac
by CooCooCachoo
Music
15s
Presidents Visiting Landmarks
by Hejman
History
7m
More to Explore
Quiz From the Vault
Featured Blog Post
Where Did the Easter Bunny Come From?
hide this ad
You Might Also Like...
Tags
Actress Quiz
Elphaba
lead
stand
Wicked
Today's Top Quizzes in Entertainment
Browse Entertainment
hide this ad
Today's Top Quizzes in Actress
Browse Actress
Top Contributed Quizzes in Entertainment
1
7-to-1: DC Comics Villains
2
Marvel Characters Bunker
3
Eurovision 2023 Logic Puzzle
4
Dragon Ball Z: Goku's Fights in Order
5
Criteria Quickie: Cartoon Taxonomy II
6
Sorting Pictures: Villains
7
Kamen Rider Motifs
8
Fictional Villains Letter U Blitz
9
Mini Trivia Sudoku: Musicals
10
Dragon Ball Z: Mega Character Search
Explore More
Trending Topics
Anime
Kpop
NBA
Harry Potter
Crossword
Marvel
Disney
Song
Soccer
Country
The Office
Puzzle
NFL
Pokémon
WWE
hide this ad
More By:
Charlinda
Quiz
Plays
Rating
Category
Featured
Created
Elphaba leads/standbys
111
Entertainment
Apr 12, 2012
Go to Creator's Profile
Score Distribution
Quiz Creator Spotlight
Charlinda
Follow
Send a Message
Quizzes Created
-
Created Quiz Play Count
-
More By This Creator
Popular Quizzes Today
1
Find the US States - No Outlines Minefield
2
Find the Countries of Europe - No Outlines Minefield
3
The Countries of the World
4
Find the US States
5
Risky Map Clicking: Biggest States A-Z
6
US States
7
Popular People in 1961
8
Movies - When Are They Set?
More Entertainment Quizzes
Comic Character by Cover Artist Part 72 (George Perez)
Quiz Lab
Trending Quizzes
Risky Map Clicking: Least Populous States A-Z
1-10 Letter G Words
1-10 Letter F Words
Risky Map Clicking: Next State Alphabetically
Click the Washington State Counties! (Map)
Recently Updated
Leaping Animals
pecheneg
Reality TV Shows (A-Z)
bhenderson79
Rickey Henderson's Hall of Fame Teammates
pecheneg
Champions League XIs: Arsenal
pecheneg
Quick Pick: Celebrities in WWE's Hall of Fame
aduchscher
A-Z Keypad Blitz II
pecheneg
Multiple Oscar Actors
pecheneg
Mystery Phrase Blitz: Oscar 'Best Actors'
pecheneg
F. Scott Fitzgerald Novels
LTH
Pick 3 Villains
ddd62291
Trending Topics
Harry Potter
Crossword
Anime
Disney
Kpop
Marvel
NBA
NFL
Song
The Office
WWE
Puzzle
Country
Pokémon
Soccer
Your Account Isn't Verified!
In order to create a playlist on Sporcle, you need to verify the email address you used during registration. Go to your
Sporcle Settings
to finish the process.
Report this User
Report this user for behavior that violates our
Community Guidelines
.
Details:
Send Report
Go to the Sporcle.com Mobile Site →
Comments